Statistical computing

Պահպանված է:
Մատենագիտական մանրամասներ
Հիմնական հեղինակներ: Kennedy, William J (Հեղինակ), Gentle, James E (Հեղինակ)
Ձևաչափ: Գիրք
Լեզու:անգլերեն
Հրապարակվել է: Nueva York Marcel Dekker 1980
Շարք:Series Statistics: Textbooks and Monographs, 33
Խորագրեր:
Ցուցիչներ: Ավելացրեք ցուցիչ
Չկան պիտակներ, Եղեք առաջինը, ով նշում է այս գրառումը!

MARC

LEADER 00000nam a2200000 a 4500
001 UCZ8371
003 CL-VaPUC
008 960119e19800000US |||||||||||||||||eng|d
082 0 4 |a 519.5  |b KEN  |2 21 
100 0 |a Kennedy, William J  |e author  |9 353642 
700 |a Gentle, James E  |e author  |9 600011 
245 1 0 |a Statistical computing 
300 |a 591 p 
942 |c BK 
945 |d 19960119 00:00:00  |a mcarcey 
260 |a Nueva York  |b Marcel Dekker  |c 1980 
650 0 |a Estadística   |9 259535 
650 7 |a COMPUTACION  |2 CL-VaPUC  |9 350582 
650 0 |a Álgebra lineal   |9 260445 
583 |a last modification  |c 19960119 00:00:00  |k Rodrigo Vera 
490 0 |a Series Statistics: Textbooks and Monographs, 33 
999 |c 244294  |d 244292 
952 |0 0  |1 0  |4 0  |6 519_500000000000000_KEN_1980  |7 0  |8 A  |9 258302  |a BIBGIM  |b BIBGIM  |d 2019-11-19  |i 3171760  |o 519.5 KEN 1980  |p 3171760  |r 2025-01-15  |w 2019-11-19  |y BK  |k EST